000 00556nam a2200193Ia 4500
005 20250508150409.0
008 008 250505s9999 xx 000 0 eng d
037 _aTextual
040 _aFEDL
_beng
_cFEDL
041 _aeng
_2eng
084 _a373.245, RIC
_qFEDL
100 _aRicketts Palmer C
_9756594
245 0 _aHistory of rensselaer polytechnic institute 1824-1934
250 _a3rd
260 _aNew York, USA
_bJohn Wiley and Sons
_c1934
300 _axx,293p.
942 _cTEXL
_h373.245, RIC
999 _c1323417
_d1323417